000
00275nam a2200097Ia 4500
082
_a
306.872 NICO
245
0
_a
Liefde, seks en die hele kaboedel
100
_a
NICOL, Joke Kaapstad, 2003 1ste uitg
_9
74213
942
_c
BK
008
210817s9999 xx 000 0 und d
999
_c
244232
_d
244232